Countries with the Greatest Wealth Disparities Between Rich and Poor - Statistics

General Stats
  • This quiz has been taken 483 times
  • The average score is 7 of 15
Answer Stats
Wealth GINI Continent Answer % Correct
0.801 South America Brazil
88%
0.803 North America United States
88%
0.779 South America Chile
67%
0.767 Central America Panama
62%
0.766 South America Paraguay
59%
0.780 Central America Guatemala
55%
0.845 Africa Zimbabwe
46%
0.766 Africa Zambia
41%
0.847 Africa Namibia
38%
0.784 Africa Central African Republic
31%
0.784 Africa Gabon
28%
0.777 Africa Lesotho
27%
0.804 Europe Switzerland
25%
0.782 Africa Swaziland
19%
0.808 Europe Denmark
15%
No matching quizzes found
Score Distribution
Percent of People with Each Score
Percentile by Number Answered
Your Score History
You have not taken this quiz